000
00299nam a22001217a 4500
008
230627b xxu||||| |||| 00| 0 eng d
082
_a
338.1
_b
FAO 2001
245
_a
The State of Food and Agriculture 2001
260
_a
Rome
_b
FAO
_c
2001
300
_a
XXV,295p
440
_x
00814539
942
_2
ddc
_c
BK
999
_c
2906
_d
2906